Die 10 besten Gitarristen aller Zeiten (Rolling Stone Magazine) - Statistiken

Allgemein
  • Dieses Quiz wurde 30 mal gespielt
  • Das Durchschnittsergebnis liegt bei 4 aus 10
Antwortstatistiken
Hint Antwort % Korrekt
The Jimi Hendrix Experience, Band of Gypsys Jimi Hendrix
100%
Van Halen Eddie van Halen
76%
The Rolling Stones Keith Richards
52%
The Yardbirds, Bluesbreakers, Cream, Blind Faith, Derek and the Dominos, solo Eric Clapton
44%
The Yardbirds, Led Zeppelin, solo Jimmy Page
32%
The Allman Brothers Band Duane Allman
20%
The Who Pete Townshend
16%
The Yardbirds, solo Jeff Beck
12%
solo B. B. King
0%
solo Chuck Berry
0%
Keine übereinstimmenden Quizze gefunden
Verteilung der Resultate
Anzahl Personen mit jedem Resultat
Perzentil nach korrekt beantworteten Fragen
Ihre Resultats-Entwicklung
Sie haben dieses Quiz noch nicht gespielt